عرض عادي عرض مارك

دخول Personal Name

عدد التسجيلات المستخدمة: 3

001 - CONTROL NUMBER

  • control field: 25465

003 - CONTROL NUMBER IDENTIFIER

  • control field: OSt

005 - DATE AND TIME OF LATEST TRANSACTION

  • control field: 20150318203834.0

008 - FIXED-LENGTH DATA ELEMENTS

  • fixed length control field: 150318|| aca||aabn | a|a d

040 ## - CATALOGING SOURCE

  • Original cataloging agency: OSt
  • Transcribing agency: OSt

100 ## - HEADING--PERSONAL NAME

  • Personal name: الحويس، صالح بن سليمان بن حمد

670 ## - SOURCE DATA FOUND

  • Source citation: Work cat.: (OSt): الحويس، صالح بن سليمان بن حمد, دقائق أولي النهى لشرح المنتهى (من كتاب البيع إلى آخر كتاب الشركة) تأليف منصور بن يونس البهوتي/, 1418-1419

جميع الحقوق محفوظة لجامعة المدينة العالمية